| 000 | 02770cam a22005654i 4500 | ||
|---|---|---|---|
| 003 | PE-LiUPU | ||
| 005 | 20250731173506.0 | ||
| 008 | 150616s1991 ag r 000 0 spa d | ||
| 020 | _a0802809111 | ||
| 035 | _a(Sirsi) i9780802809117 | ||
| 040 |
_aPE-LiUPU _bspa _cPE-LiUPU _erda |
||
| 049 | _aPRUA | ||
| 082 | 0 | 4 |
_a227.94077 _bM26 _221 |
| 100 | 1 |
_aMarshall, Howard, _eautor. |
|
| 245 | 1 | 4 |
_aLas Cartas de Juan : _btexto de la versión Reina Valera, revisión de 1960 con introducción, comentario y notas / _cHoward Marshall. |
| 264 | 1 |
_aBuenos Aires : _bNueva Creación, _c1991. |
|
| 300 |
_a275 páginas ; _c21 centímetros |
||
| 336 |
_atext _2rdacontent |
||
| 337 |
_aunmediated _2rdamedia |
||
| 338 |
_avolume _2rdacarrier |
||
| 505 | 0 | _aComentarios de 1,2,3 de Juan Juan. | |
| 526 | _aSEG42 | ||
| 526 | _aSEG41 | ||
| 526 | _aSEG40 | ||
| 526 | _aSEG39 | ||
| 526 | _aP94 | ||
| 526 | _aP87 | ||
| 526 | _aP86 | ||
| 526 | _aP85 | ||
| 526 | _aP77 | ||
| 526 | _aP76 | ||
| 526 | _aP35 | ||
| 541 | _g0010000547; | ||
| 630 |
_aBiblia. _pN.T. _pJuan I, II y III _xComentarios. |
||
| 910 |
_ajck _bjvq _cjck |
||
| 942 |
_2ddc _cBOOK |
||
| 949 |
_a227.94077 M26 _wDEWEY _c1 _i63909 _lCCODEBUL1 _mBUL _r0 _sY _tBOOK _u2015-6-16 _xTEOLOGIA _PP35 _0COMPRA _o.STAFF. Colección Teología |
||
| 949 |
_a227.94077 M26 _wDEWEY _c2 _i39014 _lCCODEBUL1 _mBUL _r0 _sY _tBOOK _u2015-4-23 _xTEOLOGIA _PP35 _0COMPRA _o.STAFF. Colección Teología |
||
| 949 |
_a227.94077 M26 _wDEWEY _c3 _i40491 _lCCODEBUL1 _mBUL _r0 _sY _tBOOK _u2015-4-23 _xTEOLOGIA _PP35 _0COMPRA _o.STAFF. Colección Teología |
||
| 949 |
_a227.94077 M26 _wDEWEY _c4 _i48597 _lCCODEBUL1 _mBUL _p10 _r0 _sY _tBOOK _u2015-6-16 _xTEOLOGIA _PP35 _0COMPRA _o.STAFF. Colección Teología |
||
| 994 |
_aC0 _bPEPRU |
||
| 596 | _a1 | ||
| 999 |
_a227.94077 M26 _wDEWEY _c58282 _i63909 _d58282 _e2017-11-12 _f2021-11-9 _g5 _lCCODEBUL1 _mBUL _n1 _p10.00 _q2 _r0 _sY _tBOOK _u2015-6-16 _xTEOLOGIA _PP35 _0COMPRA _o.STAFF. Colección Teología |
||
| 999 |
_a227.94077 M26 _wDEWEY _c2 _i39014 _d2019-6-24 _f2021-11-9 _g5 _lCCODEBUL1 _mBUL _p10.00 _q1 _r0 _sY _tBOOK _u2015-4-23 _xTEOLOGIA _PP35 _0COMPRA _o.STAFF. Colección Teología |
||
| 999 |
_a227.94077 M26 _wDEWEY _c3 _i40491 _d2019-5-22 _f2021-11-9 _g5 _lCCODEBUL1 _mBUL _p10.00 _q1 _r0 _sY _tBOOK _u2015-4-23 _xTEOLOGIA _PP35 _0COMPRA _o.STAFF. Colección Teología |
||
| 999 |
_a227.94077 M26 _wDEWEY _c4 _i48597 _d2019-6-27 _e2017-9-13 _f2021-11-9 _g5 _lCCODEBUL1 _mBUL _n1 _p8.50 _q2 _r0 _sY _tBOOK _u2015-6-16 _xTEOLOGIA _PP35 _0COMPRA _o.STAFF. Colección Teología |
||
| 980 |
_81 _gALBERTO SANCHEZ Responsable de Automatización |
||